000 00893cab a2200277 4500
001 ABS55400
008 090401t1996 xxu||||| |||| 00| 0 eng d
035 _a(Sirsi) u16178
041 _aeng
100 _aWard, C.
245 _aSeeking approval for daring developments
260 _c1996
350 _a0
490 _aPlanning Week
_v4(25) 20 June 1996, 11(1)
520 _aConsiders the options for developers who find that their buildings do not conform to approved plans. Examples.
650 _aHANDALL V WARNER GOODMAN AND STREET
650 _aHARBOROUGH DC V WHEATCROFT AND SON LTD
650 _aPLANNING CONTROL
650 _aPLANNING PERMISSION
650 _aTOWN AND COUNTRY PLANNING ACT 1990 S187
650 _aTOWN AND COUNTRY PLANNING ACT 1990
650 _aWYCOMBE DC V WILLIAMS
690 _aPLANNING LAW AND PRACTICE
942 _n0
948 _c04/03/1997
999 _c10632
_d10632